000 00351nam a22001457a 4500
003 MACL
005 20190330151019.0
008 190330b xxu||||| |||| 00| 0 eng d
040 _cMACL
100 _aVerma, Mohal Lal
_974013
245 _aThe Secret Power Of Yoga
260 _aNew Delhi
_bAvni Pub
_c2016
650 _aYoga
_974014
942 _2ddc
_cBK
999 _c59167
_d59167